| 000 | 00369nam a2200121Ia 4500 | ||
|---|---|---|---|
| 008 | 180219s9999 xx 000 0 und d | ||
| 020 | _a97897193628014 | ||
| 100 | _aManuel, Zenaida Vera Cruz | ||
| 245 | _a21st century partnership corporation accounting / | ||
| 250 | _a19th ed | ||
| 260 |
_aEsmeralda City : _bRaintree trading & publishing _c2006 |
||
| 300 | _a447 pages | ||
| 999 |
_c355992 _d355992 |
||